Pod tvými ochrannými křídly : Od loretánského kostela k hrobce Dietrichsteinů v Mikulově /

Gespeichert in:
Bibliographische Detailangaben
1. Verfasser: Brichtová, Dobromila (Verfasst von)
Format: Buch
Sprache:Tschechisch
Veröffentlicht: Mikulov : Turistické informační centrum Mikulov, o. p. s., 2014
Ausgabe:1. vydanie
Schlagworte:
Tags: Tag hinzufügen
Keine Tags, Fügen Sie das erste Tag hinzu!

MARC

LEADER 00000nam a22000003a 4500
001 0068240
003 SK-STU
005 20190402111716.9
007 ta
008 181105s ----xo-----e------000-0-----d
020 |a 978-80-260-6977-5 
040 |a STU  |b slo 
041 0 |a cze 
044 |a xr 
100 1 |a Brichtová, Dobromila  |4 aut 
245 1 0 |a Pod tvými ochrannými křídly :  |b Od loretánského kostela k hrobce Dietrichsteinů v Mikulově /  |c aut. Dobromila Brichtová 
250 |a 1. vydanie 
260 |a Mikulov :  |b Turistické informační centrum Mikulov, o. p. s.,  |c 2014 
300 |a 96 s. 
650 0 7 |a architektúra česká 
650 0 7 |a kostoly 
650 0 7 |a barok 
650 0 7 |a hrobka 
996 |b 284AU07713  |c A* 10965/U  |l AAKNAR  |s A  |a 24  |w 0068240_0001